000 00751nam a22002297a 4500
005 20170124110045.0
010 _aB-129065
020 _c225.00
_a9788178241135
035 _aB-129065
037 _bCen Lib/Ret
040 _aDPL
_bEN
082 _a808.84
_bAMI
245 _aAmitav Ghosh :
_cedited by Tabish Khair
_ba critical companion /
260 _aDelhi
_bPermanent Black
_c2005
270 _aD-28 Oxford Apartment, 11, I. P. Extension
_bDelhi
_e110092
300 _avi,185p.
_c21cm(Hb)
500 _aIncludes bibliography
650 _aGhosh, Amitav, -- 1956-
_924437
650 _aGhosh, Amitav, -- 1956- -- Criticism and interpretation
_924438
700 _aKhair, Tabish
_924439
942 _2ddc
_cEN
_h808.84
_mAMI
999 _c128787
_d128787